Statistiques concernant Les Pokémons chiens

Cliquez ici pour prendre le quiz!

Statistiques générales

  • Ce quiz a été pris 25 fois
  • Le résultat moyen est 15 sur 32

Statistiques - réponses

#Nom% Correct
058Caninos
90%
059Arcanin
85%
133Évoli
80%
508Mastouffe
75%
507Ponchien
75%
506Ponchiot
75%
244Entei
70%
245Suicune
70%
229Démolosse
60%
228Malosse
55%
835Voltoutou
50%
309Dynavolt
45%
310Elecsprint
45%
836Fulgudog
45%
262Grahyèna
45%
261Medhyèna
45%
943Dogrino
35%
210Granbull
35%
209Snubbull
35%
972Tomberro
35%
718Zygarde
35%
927Briochien
30%
676Couafarel
30%
744Rocabot
30%
942Grondogue
25%
745Lougaroc
25%
448Lucario
25%
926Pâtachiot
25%
447Riolu
25%
971Toutombe
20%
888Zacian
20%
889zamazenta
20%

Distribution des résultats

Percentile par nombre de réponses

% des personnes avec chaque résultat

Votre développement - résultats

Vous n’avez pas pris ce quiz